000 00577nam a2200169 a 4500
008 120416s1984 ||||||||||||||||| || u
020 _a0950587680
050 _aK 86 Int
245 1 4 _aThe land and the law
246 _areport of the proceedings
260 _aHampshire
_bInternational Bar Association
_c1984
300 _a150p.
350 _a0.00
650 _aLAW
650 _aLAND MANAGEMENT--LAW AND LEGISLATION
995 _D0.00
_FCBU-MAIN LIBRARY (Kitwe)
_H1
_I20.00
_M1
_UAVAILABLE
_ZAnnex Low-Usage Collection
999 _c48772
_d48772